Dernier carré de la CAN - Statistiques

Statistiques générales
  • Ce quiz a été pris 76 fois
  • Le résultat moyen est 124 sur 138
Statistiques - réponses
Année Réponse % Correct
1957 1 Égypte
100%
1959 1 Égypte
100%
1962 2 Égypte
100%
1963 3 Égypte
100%
1970 3 Égypte
100%
1974 3 Égypte
100%
1976 4 Égypte
100%
1980 4 Égypte
100%
1984 4 Égypte
100%
1986 1 Égypte
100%
1998 1 Égypte
100%
2006 1 Égypte
100%
2008 1 Égypte
100%
2010 1 Égypte
100%
2017 2 Égypte
100%
2021 2 Égypte
100%
2025 4 Égypte
100%
1965 4 Sénégal
100%
1990 4 Sénégal
100%
2002 2 Sénégal
100%
2006 4 Sénégal
100%
2019 2 Sénégal
100%
2021 1 Sénégal
100%
2025 1 Sénégal
100%
1976 1 Maroc
98%
1980 3 Maroc
98%
1986 4 Maroc
98%
1988 4 Maroc
98%
2004 2 Maroc
98%
2025 2 Maroc
98%
1968 1 Rép. dém. du Congo
98%
1972 4 Rép. dém. du Congo
98%
1974 1 Rép. dém. du Congo
98%
1998 3 Rép. dém. du Congo
98%
2015 3 Rép. dém. du Congo
98%
2023 4 Rép. dém. du Congo
98%
1996 1 Afrique du Sud
97%
1998 2 Afrique du Sud
97%
2000 3 Afrique du Sud
97%
2023 3 Afrique du Sud
97%
1980 2 Algérie
97%
1982 4 Algérie
97%
1984 3 Algérie
97%
1988 3 Algérie
97%
1990 1 Algérie
97%
2010 4 Algérie
97%
2019 1 Algérie
97%
1965 3 Côte d'Ivoire
97%
1968 3 Côte d'Ivoire
97%
1970 4 Côte d'Ivoire
97%
1986 3 Côte d'Ivoire
97%
1992 1 Côte d'Ivoire
97%
1994 3 Côte d'Ivoire
97%
2006 2 Côte d'Ivoire
97%
2008 4 Côte d'Ivoire
97%
2012 2 Côte d'Ivoire
97%
2015 1 Côte d'Ivoire
97%
2023 1 Côte d'Ivoire
97%
1972 1 Congo
94%
1974 4 Congo
94%
1976 3 Nigeria
94%
1978 3 Nigeria
94%
1980 1 Nigeria
94%
1984 2 Nigeria
94%
1988 2 Nigeria
94%
1990 2 Nigeria
94%
1992 3 Nigeria
94%
1994 1 Nigeria
94%
2000 2 Nigeria
94%
2002 3 Nigeria
94%
2004 3 Nigeria
94%
2006 3 Nigeria
94%
2010 3 Nigeria
94%
2013 1 Nigeria
94%
2019 3 Nigeria
94%
2023 2 Nigeria
94%
2025 3 Nigeria
94%
1962 3 Tunisie
92%
1965 2 Tunisie
92%
1978 4 Tunisie
92%
1996 2 Tunisie
92%
2000 4 Tunisie
92%
2004 1 Tunisie
92%
2019 4 Tunisie
92%
1972 3 Cameroun
88%
1984 1 Cameroun
88%
1986 2 Cameroun
88%
1988 1 Cameroun
88%
1992 4 Cameroun
88%
2000 1 Cameroun
88%
2002 1 Cameroun
88%
2008 2 Cameroun
88%
2017 1 Cameroun
88%
2021 3 Cameroun
88%
1972 2 Mali
88%
1994 4 Mali
88%
2002 4 Mali
88%
2004 4 Mali
88%
2012 3 Mali
88%
2013 3 Mali
88%
1974 2 Zambie
80%
1982 3 Zambie
80%
1990 3 Zambie
80%
1994 2 Zambie
80%
1996 3 Zambie
80%
2012 1 Zambie
80%
1963 1 Ghana
78%
1965 1 Ghana
78%
1968 2 Ghana
78%
1970 2 Ghana
78%
1978 1 Ghana
78%
1982 1 Ghana
78%
1992 2 Ghana
78%
1996 4 Ghana
78%
2008 3 Ghana
78%
2010 2 Ghana
78%
2012 4 Ghana
78%
2013 4 Ghana
78%
2015 2 Ghana
78%
2017 4 Ghana
78%
1957 2 Éthiopie
77%
1959 3 Éthiopie
77%
1962 1 Éthiopie
77%
1963 4 Éthiopie
77%
1968 4 Éthiopie
77%
1957 3 Soudan
77%
1959 2 Soudan
77%
1963 2 Soudan
77%
1970 1 Soudan
77%
1976 2 Guinée
75%
1998 4 Burkina Faso
70%
2013 2 Burkina Faso
70%
2017 3 Burkina Faso
70%
2021 4 Burkina Faso
70%
1982 2 Libye
67%
2015 4 Guinée équatoriale
52%
1962 4 Ouganda
47%
1978 2 Ouganda
47%
Aucun quiz correspondant
Distribution des résultats
% des personnes avec chaque résultat
Percentile par nombre de réponses
Votre historique - résultats
Vous n’avez pas pris ce quiz